Informatizácia spoločnosti prostredníctvom 3D interaktívnych technológií

Charakterizácia možností 3D interaktívnych virtuálnych technológií pri komunikáciu človeka s počítačom. Uvedené technológie posúvajú možnosti komunikácie, ktoré sa doteraz nemohli realizovať.

Gespeichert in:
Bibliographische Detailangaben
1. Verfasser: Mlynčár, Vladislav, 1962-
Format: Buchkapitel
Sprache:Slowakisch
Schlagworte:
Tags: Tag hinzufügen
Keine Tags, Fügen Sie das erste Tag hinzu!

MARC

LEADER 00000nla$a2200000$$$4500
001 0119613
005 20240502072331.5
041 0 |a slo 
044 |a SK 
245 1 0 |a Informatizácia spoločnosti prostredníctvom 3D interaktívnych technológií  |c Vladislav Mlynčár 
520 |a Charakterizácia možností 3D interaktívnych virtuálnych technológií pri komunikáciu človeka s počítačom. Uvedené technológie posúvajú možnosti komunikácie, ktoré sa doteraz nemohli realizovať. 
610 2 0 |a informatizácia 
610 2 0 |a technológie nové 
610 2 0 |a komunikácia 
610 2 0 |a komunikácia neverbálna 
100 1 |a Mlynčár, Vladislav, 1962-